000 00830nam a22003370a 4500
001 PT33349
003 AR-LpoUNG
005 20210131230107.0
008 191001s2000||||ag |||||||||||||||||spa d
020 _a9875031313
_c$42.70
040 _aAR-LpoUNG
_bspa
_cAR-LpoUNG
_eaacr
041 _aspa
044 _aag
082 0 _a982.067 533mem
245 1 0 _aMemoria activa :
_b4 años de impunidad
260 _aBuenos Aires :
_bPágina 12,
_c[2000].
300 _a80 p. :
_bfot.
650 4 _aARGENTINA
650 4 _aCONFLICTOS SOCIALES
650 4 _aJUSTICIA
650 4 _aMUERTES
650 4 _aVIOLENCIA
651 4 _aArgentina
653 _aAMIA
653 _aHOMENAJE
653 _aIMPUNIDAD
653 _aMEMORIA COLECTIVA
710 2 _aMemoria Activa (Buenos Aires)
905 _a33349
942 _cLSALA
999 _c1388
_d1388